000 00688nam a2200289Ia 4500
005 20260324114037.0
008 008 260324s9999 xx 000 0 eng d
020 _a9781003350897
037 _aEBOOK
040 _aCRL
040 _beng
040 _cCRL
041 _2eng
041 _aeng
084 _qCRL
100 _aLinda J. Graham
_91149205
245 0 _aInclusive Education for the 21st Century
245 0 _bTheory, Policy and Practice
260 _bTaylor and Francis
260 _c2023
365 _a
365 _b720
856 _uhttp://www.taylorfrancis.com/books/9781003350897
942 _cEBOOK
999 _c1739175
_d1739175